al-Za'im Ibrāhim Hanānū. (Record no. 46825)
[ view plain ]
| 000 -LEADER | |
|---|---|
| fixed length control field | 00568cam a22002291 4500 |
| 001 - CONTROL NUMBER | |
| control field | ne 64000723 |
| 003 - CONTROL NUMBER IDENTIFIER | |
| control field | DLC |
| 005 - DATE AND TIME OF LATEST TRANSACTION | |
| control field | 20260227111757.0 |
| 008 - FIXED-LENGTH DATA ELEMENTS--GENERAL INFORMATION | |
| fixed length control field | 890904q19601969xx 000 0 ara |
| 010 ## - LIBRARY OF CONGRESS CONTROL NUMBER | |
| LC control number | ne 64000723 |
| 035 ## - SYSTEM CONTROL NUMBER | |
| System control number | (OCoLC)23518587 |
| 040 ## - CATALOGING SOURCE | |
| Original cataloging agency | DLC |
| Transcribing agency | MiU |
| Modifying agency | DLC |
| 042 ## - AUTHENTICATION CODE | |
| Authentication code | premarc |
| 050 00 - LIBRARY OF CONGRESS CALL NUMBER | |
| Classification number | DS98.3.H3 |
| Item number | S5 |
| 100 1# - MAIN ENTRY--PERSONAL NAME | |
| Personal name | Sibāʻī, Fāḍil, |
| Dates associated with a name | 1929- |
| 245 13 - TITLE STATEMENT | |
| Title | al-Za'im Ibrāhim Hanānū. |
| 260 ## - PUBLICATION, DISTRIBUTION, ETC. | |
| Date of publication, distribution, etc. | [196-.] |
| 300 ## - PHYSICAL DESCRIPTION | |
| Extent | 37 p. |
| Dimensions | 19 cm. |
| 490 0# - SERIES STATEMENT | |
| Series statement | # |
| 504 ## - BIBLIOGRAPHY, ETC. NOTE | |
| Bibliography, etc. note | Bibliography: p. 37. |
| 600 10 - SUBJECT ADDED ENTRY--PERSONAL NAME | |
| Personal name | Hanānu, Ibrāhīm, |
| Dates associated with a name | 1869-1935. |
No items available.